000 00632nam a2200241Ia 4500
001 18469
003 GE_BSU
008 181216s||||||||xx |||||||||||||| ||und||
020 _a9781118063354
040 _cGE_BSU
080 _a331.7
245 _aCareer Development and Counseling
245 _bPutting Theory and Research to Work
245 _cEdited by Brown S., Lent R.
250 _aSecond edition
260 _aCanada
260 _bJohn Wiley & Sons, Inc
260 _c2013
300 _a708 p. 26cm.
653 _aCareer Development and Counseling
653 _aPutting Theory and Research to Work
942 _cBK
999 _c51483
_d51483